The ultimate guide to 21st century careers / (Record no. 146771)
[ view plain ]
| 000 -LEADER | |
|---|---|
| fixed length control field | 00607nam a22001817a 4500 |
| 005 - DATE AND TIME OF LATEST TRANSACTION | |
| control field | 20171023121257.0 |
| 010 ## - LCCN (DPL NO) | |
| LC control number | ENG-120890 |
| 020 ## - INTERNATIONAL STANDARD BOOK NUMBER | |
| Terms of availability | 450.00 |
| International Standard Book Number | 9789351951469 |
| 035 ## - SYSTEM CONTROL NUMBER | |
| System control number | EN-104422 |
| 037 ## - SOURCE OF ACQUISITION | |
| Source of stock number/acquisition | DBAD/PUB |
| 082 ## - DEWEY DECIMAL CLASSIFICATION NUMBER | |
| Classification number | 331.7020954 |
| 100 ## - MAIN ENTRY--PERSONAL NAME | |
| Personal name | Dwivedi,Richa |
| 245 ## - TITLE STATEMENT | |
| Title | The ultimate guide to 21st century careers / |
| Statement of responsibility, etc | by Richa Dwivedi |
| 260 ## - PUBLICATION, DISTRIBUTION, ETC. (IMPRINT) | |
| Place of publication, distribution, etc | Gurugam |
| Name of publisher, distributor, etc | Hachette Book Publishing |
| Date of publication, distribution, etc | 2017 |
| 270 ## - ADDRESS | |
| Address | 4 th & 5th Floors, Corporate Center, Plot N0-94,Sector 44 |
| City | Gurugram (Haryana) |
| Postal code | 122003 |
| 300 ## - PHYSICAL DESCRIPTION | |
| Extent | xxvi,440p. : |
| Dimensions | 22cm(pbk) |
| Other physical details | ill. |
| 942 ## - ADDED ENTRY ELEMENTS (KOHA) | |
| Source of classification or shelving scheme | Dewey Decimal Classification |
| Item type | English Books |
| Classification part | 331.7020954 |
| Call number suffix | DWI |
| Withdrawn status | Lost status | Not for loan | Collection code | Home library | Current library | Date acquired | Source of acquisition | Cost, normal purchase price | Full call number | Barcode | Copy number | Cost, replacement price | Koha item type |
|---|---|---|---|---|---|---|---|---|---|---|---|---|---|
| Not For Loan | Non-fiction | D.B.Act.Division | Bawana | 23/10/2017 | DBAD/PUB | 450.00 | 331.7020954 DWI | EN-104422 | 1 | 450.00 | English Books |
